Normal view
MARC view
- Supervisor. Attaullah Memon
Entry Personal Name
001 - CONTROL NUMBER
- control field: 126581
003 - CONTROL NUMBER IDENTIFIER
- control field: NUST
005 - DATE AND TIME OF LATEST TRANSACTION
- control field: 20241029122617.0
008 - FIXED-LENGTH DATA ELEMENTS
- fixed length control field: 241029|| aca||aabn | a|a d
040 ## - CATALOGING SOURCE
- Original cataloging agency: NUST
- Transcribing agency: NUST
100 ## - HEADING--PERSONAL NAME
- Personal name: Supervisor. Attaullah Memon
670 ## - SOURCE DATA FOUND
- Source citation: Work cat.: (NUST)540607: Yousfani, Ali Hassain 34722, Real-time model predictive controller for a class of nonlinear system /, 2017.
